03814nam a22003137a 4500003000400000005001700004008004100021040004600062050002800108100003400136245018200170260006700352300004300419500008100462504005600543520237500599546002102974650003402995650004903029650004003078650002103118700004103139700003703180700004403217700004503261942004003306999001503346952013903361OSt20240416212023.0240415b ||||| |||| 00| 0 eng d bEnglish.cCvSU-CCAT Campus Library.erda. aUM HF 5415.32bB39 2017 aBayan, Rejean, author.910855 aDetermine the consumer's preferences for energy drinks consumption among athletes of Cavite State University - Rosario /cRejean Bayan, Charmie C. Martinez, and Angela M. Olaes. aRosario, Cavite :bCavite State University-CCAT Campus,c2017. ax, 50 leaves :billustrations ;c28 cm aAn Undergraduate Thesis (BSBM) -- Cavite State University-CCAT Campus, 2017. aIncludes bibliographical references and appendices. aMARTINEZ, CHARMIE C., OLAES, ANGELA M., AND BAYAN, REJEAN A Marketing Research: Determining the Consumer's Preferences for Energy Drinks Consumption Among Athletes of Cavite State University Rosario. Bachelor of Science in Business Management, Major in Marketing Management at Cavite State University Rosario Campus, Rosario, Cavite. March 2017. Adviser. Ms. Elizabeth Rodriguez The research was conducted from February to March 2017 at Cavite State University Rosario Campus, Rosario, Cavite to determine the consumer's preferences for energy drinks consumption among athletes of Cavite State University Rosario Campus. This research will help future researchers, energy drink manufacturers and regulators, students, and energy drink consumers regarding the information about consumer's preferences in energy drinks consumption and help them improve every aspect related to the price, packaging, flavors, promotions and services. The primary objective of this research is to determine the consumer's preferences for energy drinks consumption among athletes of CVSU-Rosario and the specific objectives are to determine the demographic profile of the respondents in terms of: a Age, b. Sex, c. Sports Played, d. Weight, and e. Height, to find the most popular brand of energy drink consumed by the athletes of CSU-Rosario, to identify the positive and negative effects of energy drink as perceived by the respondents, and to determine the pattern of energy drink consumption among athletes of CVSU-Rosario. Descriptive method was used in the study. Survey questionnaires were distributed and used to gather necessary data. Based on the study, athletes consumes energy drinks to boost their energy to help them enhance their athletic performance, though some of the athletes experiences sleeplessness, most of the athletes still continue consuming energy drinks during trainings, competitions or even just to quench their thirst. Generally, the researchers found out that the most popular brand of energy drink among the athletes of CVSU-Rosario is Gatorade. Most of the respondents consumes energy drinks more than once a week, and is willing to spend money in buying energy drinks. Furthermore, most of the respondents considers the flavor and brand as basis in buying energy drinks and prefers to buy ready to drink energy drinks in convenience stores. aIn English text. aConsumers' preference.910856 aEnergy drinks consumption -- Athlete.910857 aContext effect (Psychology).910858 aAthletes.910859 aMartinez, Charmie C., author.910860 aOlaes, Angela M., author.910861 aRodriguez, Elizabeth A., adviser.98937 aAmbas, Arman M., technical critic.96668 2lcccT/M/DhHF 5415.32 B39 2017kUM c3072d3072 00102lcc40708UMaCCATLIBbCCATLIBcTHd2017-08-16fUMoUM HF 5415.32 B39 2017pT0003558r2025-10-24 00:00:00t1w2024-04-16yT/M/D